000 00699nam a2200265Ia 4500
005 20260121165832.0
008 008 260114s9999 xx 000 0 eng d
020 _a9783319467351
037 _aEBOOK
040 _aCRL
040 _beng
040 _cCRL
041 _2eng
041 _aeng
084 _qCRL
100 _aMichael M. Resch, Wolfgang Bez, Erich Focht, Nisarg Patel, Hiroaki Kobayashi
_91056616
245 0 _aSustained Simulation Performance 2016
260 _bSpringer
260 _bSpringer
260 _c2016
856 _uhttps://link.springer.com/openurl?genre=book&isbn=978-3-319-46735-1
942 _cEBOOK
999 _c1622344
_d1622344